00759nam a2200181 a 450000100060000000300090000600800410001502000150005604000280007108200180009910000290011724500640014626000380021030000080024850502520025665000380050865000310054621237CO-ViMGA141112s2004 ck r 000 u spa d a9684269609 aCO-ViMGAbspacCO-ViMGA04a617.413 G659c1 aGonzález Chon, Octavio10aComplicaciones en la terapia posquirúrgica cardiovascular aMexico; El manual moderno, c2002 a596 aComplicaciones operatorias Complicaciones infecciosas 71 - - Complicaciones pulmonares Complicaciones valvulares 363 - - Respuesta inflamatoria sistemica de la circulación extracorpórea 485 - - Complicaciones de la asistencia ventricular 547 14aCIRUGIA VASCULAR - COMPLICACIONES14aVASOS SANGUINEOS - CIRUGIA